Проектирование моделей широкоапертурных внеосевых параболических зеркал для печати при помощи аддитивных технологий; Современные проблемы машиностроения

Detalhes bibliográficos
Parent link:Современные проблемы машиностроения.— 2024.— С. 223-226
Autor principal: Бердников Н. С.
Outros Autores: Шкитов Д. А. Дмитрий Андреевич
Resumo:Текстовый файл
Idioma:russo
Publicado em: 2024
Assuntos:
Acesso em linha:http://earchive.tpu.ru/handle/11683/85278
Formato: Recurso Electrónico Capítulo de Livro
KOHA link:https://koha.lib.tpu.ru/cgi-bin/koha/opac-detail.pl?biblionumber=679391

MARC

LEADER 00000naa2a2200000 4500
001 679391
005 20250410160130.0
090 |a 679391 
100 |a 20250328d2024 k||y0rusy50 ca 
101 0 |a rus 
102 |a RU 
135 |a drbn ---uucaa 
200 1 |a Проектирование моделей широкоапертурных внеосевых параболических зеркал для печати при помощи аддитивных технологий  |f Бердников Н. С., Шкитов Д. А. 
320 |a Список литературы: 10 назв 
336 |a Текстовый файл 
463 1 |0 679118  |9 679118  |t Современные проблемы машиностроения  |o сборник статей XVII Международной научно-технической конференции, г. Томск, 25–29 ноября 2024 г.  |f Национальный исследовательский Томский политехнический университет (ТПУ) ; ред. кол. А. И. Сечин, М. С. Кухта, Е. Н. Пашков [и др.]  |c Томск  |n Изд-во ТПУ  |d 2024  |u conference_tpu-2024-C45.pdf  |v С. 223-226 
545 1 |a Современные производственные технологии 
610 1 |a труды учёных ТПУ 
610 1 |a электронный ресурс 
610 1 |a микротрон ТПУ 
610 1 |a параболические зеркала 
610 1 |a 3D-модели 
610 1 |a аддитивные технологии 
700 1 |a Бердников  |b Н. С. 
701 1 |a Шкитов  |b Д. А.  |c физик  |c младший научный сотрудник Томского политехнического университета, кандидат физико-математических наук  |f 1985-  |g Дмитрий Андреевич  |9 14911 
801 0 |a RU  |b 63413507  |c 20250328 
850 |a 63413507 
856 4 |u http://earchive.tpu.ru/handle/11683/85278  |z http://earchive.tpu.ru/handle/11683/85278 
942 |c CF